| 000 -LEADER |
| fixed length control field |
00638cam a2200205 a 4500 |
| 020 ## - INTERNATIONAL STANDARD BOOK NUMBER |
| ISBN |
0911019650 |
| 040 ## - CATALOGING SOURCE |
| Transcribing agency |
PKuS |
| 082 ## - DEWEY DECIMAL CLASSIFICATION NUMBER |
| Classification number |
650 WAR 1994 A054 Or. |
| 245 00 - TITLE STATEMENT |
| Title |
1001 rhymes & fingerplays : |
| Remainder of title |
for working with young children / |
| 260 ## - PUBLICATION, DISTRIBUTION, ETC. (IMPRINT) |
| Place of publication |
Everett, Wash. : |
| Name of publisher |
Warren Pub. House, |
| Year of publication |
c1994. |
| 300 ## - PHYSICAL DESCRIPTION |
| Number of Pages |
307 p. : |
| Other physical details |
ill. ; |
| Dimensions |
28 cm. |
| 500 ## - GENERAL NOTE |
| General note |
Includes indexes. |
| 500 ## - GENERAL NOTE |
| General note |
"WPH 1503"--Cover. |
| 650 #0 - SUBJECT ADDED ENTRY--TOPICAL TERM |
| Topical Term |
Creative activities and seat work. |
| 650 #0 - SUBJECT ADDED ENTRY--TOPICAL TERM |
| Topical Term |
Nursery rhymes. |
| 650 #0 - SUBJECT ADDED ENTRY--TOPICAL TERM |
| Topical Term |
Finger play. |
| 650 #0 - SUBJECT ADDED ENTRY--TOPICAL TERM |
| Topical Term |
Education, Preschool |
| 856 42 - ELECTRONIC LOCATION AND ACCESS |
| Uniform Resource Identifier |
http://www.loc.gov/catdir/enhancements/fy1105/93060788-d.html |
| 942 ## - ADDED ENTRY ELEMENTS (KOHA) |
| Koha item type |
សៀវភៅភាសាអង់គ្លេស |
| 952 ## - LOCATION AND ITEM INFORMATION (KOHA) |
| Withdrawn status [LOCAL, KOHA] |
0 |